Every country being represented on the 2025 F1 grid - Statistics

General Stats
  • This quiz has been taken 55 times
  • The average score is 18 of 24
Answer Stats
Num of Drivers Most Successful Driver Answer % Correct
1 Michael Schumacher Germany
95%
2 Fernando Alonso Spain
93%
3 Alain Prost France
90%
1 Charles Leclerc Monaco
90%
4 Lewis Hamilton UK
90%
1 Kamui Kobayashi Japan
88%
1 Ayrton Senna Brazil
85%
1 Jacques Villeneuve Canada
83%
1 Alberto Ascari Italy
83%
Lewis Hamilton, Lando Norris, George Russell, Ollie Bearman
80%
1 Alex Albon Thailand
80%
2 Jack Brabham Australia
76%
Fernando Alonso, Carlos Sainz
73%
Pierre Gasly, Esteban Ocon, Isack Hadjar
73%
Charles Leclerc
71%
Oscar Piastri, Jack Doohan
66%
Alex Albon
63%
Yuki Tsunoda
63%
1 Denny Hulme New Zealand
61%
Lance Stroll
59%
Nico Hulkenburg
59%
Andrea Kimi Antonelli
54%
Gabriel Bortoleto
51%
Liam Lawson
51%
No matching quizzes found
Score Distribution
Percent of People with Each Score
Percentile by Number Answered
Your Score History
You have not taken this quiz